| 000 | 00375nam a22001337a 4500 | ||
|---|---|---|---|
| 003 | OSt | ||
| 005 | 20220203110632.0 | ||
| 008 | 220203b |||||||| |||| 00| 0 eng d | ||
| 040 | _cHU | ||
| 082 |
_a621.3815 _b1 |
||
| 100 |
_aSerban Radu _929618 |
||
| 245 | _aThe Private Cyberspace:Modeling Electronic Environments Inhabited by Privacy-Concerned Agents | ||
| 942 |
_2ddc _cBOOKS _n0 |
||
| 999 |
_c29131 _d29131 |
||